The rite : the making of a modern exorcist /

In The Rite, journalist Matt Baglio uses the astonishing story of one American priest's training as an exorcist to reveal that the phenomena of possession, demons, the Devil, and exorcism are not merely a remnant of the archaic past, but remain a fearsome power in many people's lives even...

Full description

Bibliographic Details
Main Author: Baglio, Matt
Format: Book
Language:English
Published: New York : Doubleday, [2009]
Edition:1st ed.
Subjects:
Online Access:Table of contents only
Contributor biographical information
Publisher description

MARC

Tag First Indicator Second Indicator Subfields
LEADER 00000cam a2200000 a 4500
001 in00002505821
005 20151201114407.0
008 080714s2009 nyub b 001 0aeng
010 |a  2008030759 
020 |a 9780385522700 
020 |a 0385522703 
035 |a (OCoLC)ocn232980718 
040 |a DLC  |c DLC  |d UtOrBLW 
049 |a TXAM 
050 0 0 |a BX2340  |b .B34 2009 
082 0 0 |a 264/.020994092  |2 22 
100 1 |a Baglio, Matt. 
245 1 4 |a The rite :  |b the making of a modern exorcist /  |c Matt Baglio. 
250 |a 1st ed. 
264 1 |a New York :  |b Doubleday,  |c [2009] 
264 4 |c ©2009 
300 |a 288 pages :  |b map ;  |c 22 cm. 
336 |a text  |b txt  |2 rdacontent 
337 |a unmediated  |b n  |2 rdamedia 
338 |a volume  |b nc  |2 rdacarrier 
504 |a Includes bibliographical references (pages [273]-282) and index. 
505 0 |a Rome -- The calling -- Going back to school -- Know your enemy -- Opening the door -- In My name -- Searching for an exorcist -- The first night -- Discernment -- Crossing over -- The fall -- Suffering of the soul -- A pastoral approach -- Windows to the soul -- Liberation -- Organizing the ministry -- The exorcist. 
520 |a In The Rite, journalist Matt Baglio uses the astonishing story of one American priest's training as an exorcist to reveal that the phenomena of possession, demons, the Devil, and exorcism are not merely a remnant of the archaic past, but remain a fearsome power in many people's lives even today. 
600 1 0 |a Baglio, Matt. 
650 0 |a Exorcism  |v Biography. 
650 0 |a Exorcism. 
856 4 1 |3 Table of contents only  |u http://www.loc.gov/catdir/toc/ecip0823/2008030759.html  |t 0 
856 4 2 |3 Contributor biographical information  |u http://www.loc.gov/catdir/enhancements/fy0910/2008030759-b.html  |t 0 
856 4 2 |3 Publisher description  |u http://www.loc.gov/catdir/enhancements/fy0910/2008030759-d.html  |t 0 
945 |a PromptCat  |b 933086 
946 |a stk 
947 |a A14840248344 
948 |a cataloged  |b h  |c 2010/3/24  |d c  |e dmitchel  |f 1:50:30 pm 
994 |a 92  |b TXA 
999 |a MARS 
999 f f |s a57e14a8-d07f-3845-bcf3-f14a4ae1a99b  |i d3156f0f-f0a1-38cc-a411-4df9cfd97a9b  |t 0 
952 f f |p normal  |a Texas A&M University  |b College Station  |c Sterling C. Evans Library  |d Evans: Library Stacks  |t 0  |e BX2340 .B34 2009  |h Library of Congress classification  |i unmediated -- volume  |m A14840248344 
998 f f |a BX2340 .B34 2009  |t 0  |l Evans: Library Stacks